000 00690nam a2200229 a 4500
001 BRCA_4249
005 20190320204612.0
008 140610s1918----gw-ac#####---#000-0#ger-#
041 _ager
044 _agw
050 4 _aPT2611
_b.F74 1918
100 1 _aFreimark, Hans
_910956
245 1 0 _aEin Livländischlterz
_bKatharina I. von Russland Geschichtlicher Roman
_cHans Freimark.
260 _aBerlín, Alemania
_bVerlag von Rich
_c1918
300 _a231 p.
_bil., retratos
_c21 cm.
440 0 _aRomane berühmter manner und Frauen
_910957
500 _aAM61
504 _aBibliografía: p. 228-231
650 1 4 _aNovela histórica
_zAlemania
_910958
902 _aGFM
942 _2lcc
_cB
999 _c3960
_d3960